Statistics for What Came First? (Paleolithic-1st Century BCE)

Click here to take the quiz!

General Stats

  • This quiz has been taken 52 times
  • The average score is 10 of 20

Answer Stats

QuestionAnswer% Correct
Writing or Paper?Writing
88%
Writing or Domestication of Sheep?Domestication of Sheep
81%
Scissors or Weighing Scales?Weighing Scales
77%
Dictionary or the Ruler?Ruler
71%
Stone Tools or Spoken Language?Stone Tools
67%
Pottery or Bread?Pottery
63%
Alcohol or Agriculture?Agriculture
58%
Cooking over fire or Clothing?Cooking
56%
Concrete or GlassGlass
56%
The Flute or Rope?Flute
54%
Copper Pipes or Rhinoplasty?Rhinoplasty
54%
Lighthouse or Caesarean Section?Caesarean Section
46%
Arrows or Long Distance Trade?Long Distance Trade
35%
Latrines or Paved Roads?Paved Roads
35%
Beads or Boats?Boats
29%
Coins or Musical Notation?Musical Notation
29%
Domestication of the Dog or A map of the Night Sky?A map of the night sky
27%
Funerals or Glue?Glue
27%
Newspapers or the discovery of Zero?Newspapers
25%
Corporations or The Water Wheel?Corporations
21%

Score Distribution

Percentile by Number Answered

Percent of People with Each Score

Your Score History

You have not taken this quiz